Advanced engineering mathematics (Record no. 1337)

000 -LEADER
fixed length control field 00610nam a2200217 a 4500
001 - CONTROL NUMBER
control field 1337
003 - CONTROL NUMBER IDENTIFIER
control field BD-DhUET
008 - FIXED-LENGTH DATA ELEMENTS--GENERAL INFORMATION
fixed length control field 980909s1999 nyua b 001 0 eng
020 ## - INTERNATIONAL STANDARD BOOK NUMBER
International Standard Book Number 047133328X
040 ## - CATALOGING SOURCE
Original cataloging agency DLC
Transcribing agency DLC
Modifying agency BD-DhUET
082 00 - DEWEY DECIMAL CLASSIFICATION NUMBER
Classification number 530.15
Item number KRE/1999
100 ## - MAIN ENTRY--PERSONAL NAME
Personal name Kreyszig, Erwin
245 10 - TITLE STATEMENT
Title Advanced engineering mathematics
250 ## - EDITION STATEMENT
Edition statement 8th ed.
260 ## - PUBLICATION, DISTRIBUTION, ETC. (IMPRINT)
Place of publication, distribution, etc. New Delhi
Name of publisher, distributor, etc. John Wiley & Sons
Date of publication, distribution, etc. 1999
300 ## - PHYSICAL DESCRIPTION
Extent xvi,1156 p.+ various paging
504 ## - BIBLIOGRAPHY, ETC. NOTE
Bibliography, etc Includes bibliographies
650 #0 - SUBJECT ADDED ENTRY--TOPICAL TERM
Topical term or geographic name as entry element Engineering mathematics
856 41 - ELECTRONIC LOCATION AND ACCESS
Uniform Resource Identifier http://www.loc.gov/catdir/toc/onix04/98037591.html
942 ## - ADDED ENTRY ELEMENTS (KOHA)
Koha item type General Book
Holdings
Koha full call number Withdrawn status Koha item type Copy number Koha date last seen Koha issues (times borrowed) Not for loan Koha renewals Date acquired Piece designation (barcode) Koha normalized classification for sorting Price effective from Lost status Koha date last borrowed Sublocation or collection (holding branch) Shelving location Source of classification or shelving scheme Location (home branch) Damaged status
530.15/KRE/1999 General Book12024-03-062  2014-09-03103814530_000000000000000_15KRE19992014-09-03 2024-01-30Central Library, BUETCirculation section Central Library, BUET 
530.15/KRE/1999 General Book22014-09-03   2014-09-03103815530_000000000000000_15KRE19992014-09-03  Central Library, BUETCirculation section Central Library, BUET 
530.15/KRE/1999 General Book32024-02-036  2014-09-03103816530_000000000000000_15KRE19992014-09-03 2024-01-22Central Library, BUETCirculation section Central Library, BUET 
530.15/KRE/1999 General Book42024-02-173  2014-09-03103817530_000000000000000_15KRE19992014-09-03 2024-01-30Central Library, BUETCirculation section Central Library, BUET 
530.15/KRE/1999 General Book52024-02-195  2014-09-03103818530_000000000000000_15KRE19992014-09-03 2024-01-30Central Library, BUETCirculation section Central Library, BUET 
530.15/KRE/1999 General Book62024-02-058 22014-10-2797509530_150000000000000_KRE_19992014-10-27 2024-01-30Central Library, BUETCirculation section Central Library, BUET 
530.15/KRE/1999 Reading Item72015-06-16   2015-06-1696647530_150000000000000_KRE_19992015-06-16  Central Library, BUETReading section Central Library, BUET 
530.15/KRE/1999 General Book82026-01-188  2003-05-1097508530_150000000000000_KRE_19992017-05-28 2025-12-01Central Library, BUETCirculation section Central Library, BUET